00734 2200265 4500001002100000005001700021008004100038020001800079035002400097082001000121090002200131100002000153245009700173250001100270260002700281300001900308440001800327500002700345650002000372700001900392850001600411980001300427985000600440999002200446YOGYA-0209000004681020090227031243.0 ind  a979-763-793-X 0010-020900000046810 a401.9 a401.9bDim OlDEP aDIMARCO, Heyley aObrolan asyik agar dia tertarikcHeyley Dimarco, Michael Dimarco ; penerjemah, Deasy Natalia aCet. 1 aYogyakartabAndic2007 a119 hlmc18 cm aThe true love aThe art of smale deasy aPsikolinguistik aNatalia, Deasy aYOPDYOG (M) a9-1-2008 a1 aCB-D.11 2007-704h